Saltar ao contenido

Технология и оборудование древесных плит и пластиков: лабораторный практикум для студентов направления 250400 «Технология лесозаготовительных и деревоперерабатывающих производств» профиль «Технология деревообработки»

Лабораторный практикум разработан в соответствии с федеральным государственным образовательным стандартом высшего профессионального обучения по направлению 250400 «Технология лесозаготовительных и деревоперерабатывающих производств» профиля «Технология деревообработки» очной, заочной форм обучени...

Descrición completa

Gardado en:
Detalles Bibliográficos
Autor Principal: Журавлева Л. Н.
Formato: Книга
Idioma:Russian
Publicado: Красноярск СибГУ им. академика М. Ф. Решетнёва 2013
Acceso en liña:http://e.lanbook.com/books/element.php?pl1_id=60621
https://e.lanbook.com/img/cover/book/60621.jpg
Метки: Engadir etiqueta
Sen Etiquetas, Sexa o primeiro en etiquetar este rexistro!
LEADER 02648nam0a2200241 i 4500
001 60621
003 RuSpLAN
005 20221220173934.0
008 221220s2013 ru gs 000 0 rus
040 |a RuSpLAN 
041 0 |a rus 
044 |a ru 
245 0 0 |a Технология и оборудование древесных плит и пластиков: лабораторный практикум для студентов направления 250400 «Технология лесозаготовительных и деревоперерабатывающих производств» профиль «Технология деревообработки»  |c Журавлева Л. Н. 
260 |a Красноярск  |b СибГУ им. академика М. Ф. Решетнёва  |c 2013 
300 |a 48 с. 
500 |a Утверждено редакционно-издательским советом Сиб ГТУ в качестве лабораторного практикума для студентов направления 250400 «Технология лесозаготовительных и деревоперерабатывающих производств» профиля подготовки «Технология деревообработки» очной, заочной форм обучения 
504 |a Библиогр.: доступна в карточке книги, на сайте ЭБС Лань 
520 8 |a Лабораторный практикум разработан в соответствии с федеральным государственным образовательным стандартом высшего профессионального обучения по направлению 250400 «Технология лесозаготовительных и деревоперерабатывающих производств» профиля «Технология деревообработки» очной, заочной форм обучения и является частью учебно-методического комплекса дисциплины «Технология и оборудование древесных плит и пластиков». 
521 8 |a Книга из коллекции СибГУ им. академика М. Ф. Решетнёва - Лесное хозяйство и лесоинженерное дело 
100 1 |a Журавлева Л. Н. 
856 4 |u http://e.lanbook.com/books/element.php?pl1_id=60621 
856 4 8 |u https://e.lanbook.com/img/cover/book/60621.jpg 
953 |a https://e.lanbook.com/img/cover/book/60621.jpg 
Cannot write session to /tmp/vufind_sessions/sess_oucdpmv1eq9aosa73sfpioehqk